Chance the Rapper 14400 minutes lyrics Quiz Stats

 Plays Quiz not verified by Sporcle

Score 0/24 Timer 10:00
0 Plays Today
Hint Answer % Correct
I got suspended, ooohh you got suspended
100%
For chiefin' one hundred blunts, 14,400 minutes
28.6%
Fans all in the stands, they hands for Mr. Bennett
28.6%
That racket over the net, ooohh give me my tennis
14.3%
Shoes, give me a minute, ooohh I can't be tardy
0%
My class is already started, they told my mom I'm retarded
0%
But that 10 Day done in one night, Honda from a Hyundai
0%
No tassel in the spring, but after summer I'm alumni
0%
They took my **** one night, and I was standing right there
0%
An inch away from Heaven, a million songs from right here
0%
A step away from South by, a swing away from Cali
0%
A hook away from verses, I'm a dad away from rapping
0%
Hint Answer % Correct
So at the school they arrested him
0%
Back seat, squad car, nestled him
0%
Shouts to the bitch **** Heselton
0%
With his Big Show body ass wrestlin'
0%
Finna see the 10 Day Pestilence
0%
So far, so good, so special and
0%
No stars, good jobs, or excellents
0%
And I'm still so **** non-echelon
0%
Ooohh you got suspended, ooohh you not gon' finish
0%
Ooohh you look familiar, ooohh you look like Kenneth
0%
Damn they gon' resent it, ooohh you representin'
0%
A class of bad kids, 14,400 minutes, ahhh!
0%

You're not logged in!

Compare scores with friends on all Sporcle quizzes.
OR
Log In

Sporcle TV

Today on Sporcle TV


Watch our educational content, quiz creation guides, and fun videos on Sporcle TV.

Show Comments

Extras

Created Aug 29, 2017ReportNominate
Tags:400, chance, minute, rapper

Top Quizzes Today


Score Distribution

Your Account Isn't Verified!

In order to create a playlist on Sporcle, you need to verify the email address you used during registration. Go to your Sporcle Settings to finish the process.

Report this User

Report this user for behavior that violates our Community Guidelines.

Details: